[Event "Skopje Karposh op"]
[Site "Skopje"]
[Date "2012.04.09"]
[Round "4"]
[White "Miskoski, Misko"]
[Black "Lazov, Toni"]
[Result "1-0"]
[WhiteElo "1965"]
[BlackElo "1798"]
[PlyCount "45"]
[EventDate "2012.04.07"]
[EventType "swiss"]
[EventRounds "9"]
[EventCountry "MKD"]
[SourceTitle "CBM 147 Extra"]
[Source "ChessBase"]
[SourceDate "2012.04.24"]
[SourceVersion "1"]
[SourceVersionDate "2012.04.24"]
[SourceQuality "1"]

1. d4 Nf6 2. c4 g6 3. Nc3 d5 4. cxd5 Nxd5 5. e4 Nxc3 6. bxc3 Bg7 7. Nf3 c5 8. Rb1 0-0 9. Be2 Qa5 10. 0-0 cxd4 11. cxd4 Qxa2 12. Bg5 Qe6 13. Qc2 h6 14. Be3 Qd6 15. Rfd1 b6 16. e5 Qd7 17. d5 Ba6 18. e6 Qd6 19. Nh4 Bxe2 20. Qxe2 Kh7 21. Qg4 h5 22. Qg5 Qe5 23. Qxe7 1-0

[Event "FRM-chT 2nd League"]
[Site "Skopje"]
[Date "2011.05.08"]
[Round "5"]
[White "Dinev, Dejan"]
[Black "Miskoski, Misko"]
[Result "1-0"]
[WhiteElo "2401"]
[BlackElo "1998"]
[PlyCount "65"]
[EventDate "2011.04.10"]
[EventType "team-tourn"]
[EventRounds "7"]
[EventCountry "MKD"]
[SourceTitle "EXT 2019"]
[Source "ChessBase"]
[SourceDate "2018.10.10"]
[SourceVersion "1"]
[SourceVersionDate "2018.10.10"]
[SourceQuality "1"]

1. e4 c5 2. Nc3 Nc6 3. f4 g6 4. Nf3 Bg7 5. Bb5 e6 6. 0-0 Nge7 7. f5 gxf5 8. d3 Nd4 9. a4 a6 10. Bc4 d5 11. Ba2 b5 12. Bg5 b4 13. exf5 Ndxf5 14. Ne2 Bb7 15. c3 Rg8 16. d4 f6 17. Bd2 e5 18. dxc5 bxc3 19. Nxc3 e4 20. Ne5 fxe5 21. Qh5+ Kd7 22. Rxf5 Nxf5 23. Qxf5+ Kc7 24. Nxd5+ Kb8 25. Qxe4 Rf8 26. c6 Bxc6 27. Qb4+ Bb7 28. Be3 a5 29. Qb5 Ra6 30. Nb6 Rf4 31. Nd7+ Ka8 32. Bd5 Qc8 33. Qxa6# 1-0

[Event "FRM CupT"]
[Site "Skopje"]
[Date "2008.05.18"]
[Round "5"]
[White "Miskoski, Misko"]
[Black "Cvetkovski, Slobodan"]
[Result "1-0"]
[WhiteElo "2015"]
[BlackElo "2028"]
[PlyCount "67"]
[EventDate "2008.05.14"]
[EventType "team"]
[EventRounds "9"]
[EventCountry "MKD"]
[SourceTitle "CBM 124 Extra"]
[Source "ChessBase"]
[SourceDate "2008.07.03"]
[SourceVersion "1"]
[SourceVersionDate "2008.07.03"]
[SourceQuality "1"]

1. d4 Nf6 2. c4 c5 3. e3 e6 4. Nf3 d5 5. Be2 Nc6 6. 0-0 Bd6 7. Nc3 0-0 8. b3 dxc4 9. bxc4 b6 10. Bb2 cxd4 11. exd4 Bb7 12. Qd2 Rc8 13. Rac1 Re8 14. Rfd1 Na5 15. Ne5 Ne4 16. Nxe4 Bxe4 17. Qe3 Bb7 18. Bd3 Qe7 19. Rc2 Nc6 20. Qh3 h6 21. Ng4 f5 22. Ne3 Nb4 23. Rc3 Nxd3 24. Rdxd3 Ba6 25. g3 Rc7 26. d5 exd5 27. Nxf5 Qe1+ 28. Kg2 Re2 29. Rf3 Bc5 30. Nxh6+ gxh6 31. Rce3 Rxf2+ 32. Rxf2 Qxe3 33. Qg4+ Qg5 34. Qe6+ 1-0

[Event "FRM CupT"]
[Site "Skopje"]
[Date "2008.05.14"]
[Round "1"]
[White "Dinev, Dejan"]
[Black "Miskoski, Misko"]
[Result "1-0"]
[WhiteElo "2298"]
[BlackElo "2015"]
[PlyCount "47"]
[EventDate "2008.05.14"]
[EventType "team"]
[EventRounds "9"]
[EventCountry "MKD"]
[SourceTitle "CBM 124 Extra"]
[Source "ChessBase"]
[SourceDate "2008.07.03"]
[SourceVersion "1"]
[SourceVersionDate "2008.07.03"]
[SourceQuality "1"]

1. d4 g6 2. Nf3 Bg7 3. e3 d6 4. Bd3 f5 5. b3 Nf6 6. Bb2 0-0 7. Qe2 e6 8. Nbd2 Qe7 9. e4 fxe4 10. Nxe4 Nd5 11. 0-0-0 Nc6 12. a3 Bd7 13. g3 Rxf3 14. Qxf3 Nxd4 15. Qg4 c5 16. h4 b5 17. h5 Rc8 18. hxg6 h6 19. Bxd4 Bxd4 20. Rxh6 c4 21. g7 Bxg7 22. Rdh1 cxd3 23. Rh8+ Kf7 24. Qh5# 1-0

[Event "Skopje-ch"]
[Site "Skopje"]
[Date "2007.06.03"]
[Round "5"]
[White "Dimov, Danail"]
[Black "Miskoski, Misko"]
[Result "0-1"]
[WhiteElo "2016"]
[BlackElo "2008"]
[PlyCount "52"]
[EventDate "2007.05.30"]
[EventType "swiss"]
[EventRounds "9"]
[EventCountry "MKD"]
[SourceTitle "EXT 2008"]
[Source "ChessBase"]
[SourceDate "2007.11.25"]
[SourceVersion "1"]
[SourceVersionDate "2007.11.25"]
[SourceQuality "1"]

1. e4 c5 2. Nf3 Nc6 3. c3 Nf6 4. d3 e5 5. Bg5 Be7 6. Nbd2 0-0 7. Bxf6 Bxf6 8. Nc4 d5 9. Ne3 Be6 10. exd5 Bxd5 11. Nxd5 Qxd5 12. c4 Qe6 13. Be2 Rad8 14. Qb3 e4 15. dxe4 Qxe4 16. Qxb7 Rb8 17. Qc7 Rxb2 18. 0-0 Rxe2 19. Rae1 Nd4 20. Rxe2 Nxf3+ 21. gxf3 Qxe2 22. Qxc5 Qxf3 23. Qxa7 Qg4+ 24. Kh1 Qxc4 25. Re1 Bc3 26. Rc1 Qd5+ 0-1